000 00669nam a22002537a 4500
003 DO-SdBNP
005 20221018104240.0
007 ta
008 221018b a|||| |||| 00| 0 spa d
040 _aDO-SdBNP
_bspa
_cBNPHU
082 4 _a861.3
_bE65a
_222
100 1 _aErcilla y Zuniga, Alonso de,
_d1533-1594.
_914255
245 1 3 _aLa Araucana /
_cAlonso de Ercilla
260 _as.l. :
_bs.n-
_c196_.
300 _a125 p. :
_bil. ;
_c23 cm.
590 _aInventariado, 2022/BT
650 4 _aPoesía española
_9631
650 4 _aLiteratura española
_9632
700 _914256
700 _914257
830 _914258
910 _abtavárez
942 _2ddc
_cLBS1
999 _c52559
_d52559